[Event "Madrid ch Veteranos 2018-2019"]
[Site "Madrid ESP"]
[Date "2019.01.09"]
[Round "3.6"]
[White "Lopez de Turiso, Jose Angel"]
[Black "Garcia Sanz, Eduardo"]
[Result "1-0"]
[WhiteElo "1950"]
[BlackElo "1795"]
[PlyCount "69"]
[EventDate "2019.01.07"]
[EventType "swiss"]
[EventRounds "9"]
[EventCountry "ESP"]
[SourceTitle "Ajedrez en Madrid"]
[Source "lmi"]
[SourceDate "2019.01.07"]
[SourceVersion "1"]
[SourceVersionDate "2019.01.22"]
[SourceQuality "1"]

1. e4 c5 2. Nf3 e6 3. c3 d5 4. exd5 Qxd5 5. d4 Nc6 6. Na3 a6 7. Nc4 Qd8 8. Be3
cxd4 9. Nxd4 Nce7 10. Nb6 Qxb6 11. Nf5 Qc6 12. Nd6+ Kd7 13. Nxf7+ Ke8 14. Nd6+
Kd7 15. Nxb7+ Kc7 16. Na5 Qd5 17. Bf4+ Kd8 18. Nc4 Ng6 19. Nb6 Qxd1+ 20. Rxd1+
Ke8 21. Bg3 Bb7 22. Nxa8 Bxa8 23. f3 Bb7 24. Bc4 Bc8 25. O-O Nf6 26. Rfe1 Bc5+
27. Kh1 Kf7 28. f4 Ne7 29. Re5 Ned5 30. f5 Ne3 31. Bxe6+ Bxe6 32. fxe6+ Ke7 33.
Re1 Nfd5 34. Bf2 Rf8 35. Bxe3 1-0

[Event "Madrid ch Veteranos 2018-2019"]
[Site "Madrid ESP"]
[Date "2019.01.09"]
[Round "3.7"]
[White "Olmos Sanz, Francisco J"]
[Black "Vukotic Jovsic, Dragan"]
[Result "0-1"]
[WhiteElo "1574"]
[BlackElo "1959"]
[PlyCount "32"]
[EventDate "2019.01.07"]
[EventType "swiss"]
[EventRounds "9"]
[EventCountry "ESP"]
[SourceTitle "Ajedrez en Madrid"]
[Source "lmi"]
[SourceDate "2019.01.07"]
[SourceVersion "1"]
[SourceVersionDate "2019.01.22"]
[SourceQuality "1"]

1. c4 e6 2. Nc3 Nf6 3. Nf3 d5 4. cxd5 exd5 5. d3 Be7 6. Bd2 O-O 7. e3 c5 8. d4
cxd4 9. Nxd4 Nc6 10. Nb3 a5 11. Nb5 Ne4 12. a3 Bf6 13. N3d4 Nxd4 14. exd4 Re8
15. Be3 Bg5 16. Be2 Bxe3 0-1

[Event "Madrid ch Veteranos 2018-2019"]
[Site "Madrid ESP"]
[Date "2019.01.09"]
[Round "3.9"]
[White "Martin Rodriguez, Emilio"]
[Black "Barahona Torrijos, Angel"]
[Result "1-0"]
[WhiteElo "2028"]
[BlackElo "1735"]
[PlyCount "77"]
[EventDate "2019.01.07"]
[EventType "swiss"]
[EventRounds "9"]
[EventCountry "ESP"]
[SourceTitle "Ajedrez en Madrid"]
[Source "lmi"]
[SourceDate "2019.01.07"]
[SourceVersion "1"]
[SourceVersionDate "2019.01.22"]
[SourceQuality "1"]

1. d4 Nf6 2. e3 b6 3. f4 Bb7 4. Nf3 d6 5. Bd3 Nbd7 6. f5 Ne4 7. O-O Ndf6 8.
Nbd2 Qd7 9. c3 g6 10. fxg6 hxg6 11. Bxe4 Nxe4 12. Nxe4 Bxe4 13. Ng5 Bd5 14. e4
Bc4 15. Qf3 e5 16. Rf2 O-O-O 17. b3 Be6 18. d5 Bxd5 19. exd5 f5 20. Ne6 Re8 21.
a4 Be7 22. a5 b5 23. Ba3 c5 24. a6 Bf6 25. Rd1 e4 26. Qe2 Be5 27. g3 Rh5 28.
Rg2 Bxc3 29. Rc1 b4 30. Bb2 Bxb2 31. Qxb2 Rh7 32. Qd2 Qb5 33. Qf4 Qxa6 34. Rgc2
Rxe6 35. dxe6 Qb6 36. Kg2 Re7 37. g4 Qb7 38. Qxd6 e3+ 39. Kg1 1-0

[Event "Madrid ch Veteranos 2018-2019"]
[Site "Madrid ESP"]
[Date "2019.01.09"]
[Round "3.10"]
[White "Cabañas Bravo, Juan Andres"]
[Black "Hernandez Garcia, Carlos"]
[Result "1-0"]
[WhiteElo "1965"]
[BlackElo "1733"]
[PlyCount "119"]
[EventDate "2019.01.07"]
[EventType "swiss"]
[EventRounds "9"]
[EventCountry "ESP"]
[SourceTitle "Ajedrez en Madrid"]
[Source "lmi"]
[SourceDate "2019.01.07"]
[SourceVersion "1"]
[SourceVersionDate "2019.01.22"]
[SourceQuality "1"]

1. e4 c5 2. Nf3 d6 3. c3 e5 4. d4 Nc6 5. dxe5 dxe5 6. Qxd8+ Kxd8 7. Bc4 f6 8.
Be3 Kc7 9. Nbd2 Bd6 10. Nb3 b6 11. O-O-O Nge7 12. Rd2 h6 13. Ne1 f5 14. f3 f4
15. Bf2 a6 16. a4 Rb8 17. Nc2 b5 18. axb5 axb5 19. Bd5 c4 20. Nc5 Na5 21. Kd1
Re8 22. Na1 Nxd5 23. Rxd5 Ra8 24. Kc1 Nb3+ 25. Naxb3 cxb3 26. Kb1 Kc6 27. Rhd1
Rd8 28. Rxe5 Bxe5 29. Rxd8 Bd6 30. Nxb3 Kc7 31. Rh8 Ra6 32. Bd4 Be6 33. Nc1 b4
34. Bxg7 b3 35. Rxh6 Kd7 36. Bd4 Ra8 37. Rh8 Rxh8 38. Bxh8 Bc4 39. h4 Ke6 40.
h5 Kf7 41. h6 Kg8 42. Bf6 Kh7 43. Bg7 Kg6 44. e5 Be7 45. e6 Bd6 46. Ka1 Kh7 47.
Bf6 Kg6 48. e7 Bf7 49. h7 Kxh7 50. Nxb3 Kg6 51. Bh4 Kh5 52. Nd4 Be5 53. Nf5 Kg6
54. g4 fxg3 55. Nxg3 Bf6 56. Bxf6 Kxf6 57. Ne4+ Kxe7 58. b4 Bc4 59. Kb2 Ke6 60.
Nd2 1-0

[Event "Madrid ch Veteranos 2018-2019"]
[Site "Madrid ESP"]
[Date "2019.01.09"]
[Round "3.11"]
[White "Garcia Galeote, Lorenzo"]
[Black "Lopez Peral, Enrique"]
[Result "1-0"]
[WhiteElo "1895"]
[BlackElo "1702"]
[PlyCount "89"]
[EventDate "2019.01.07"]
[EventType "swiss"]
[EventRounds "9"]
[EventCountry "ESP"]
[SourceTitle "Ajedrez en Madrid"]
[Source "lmi"]
[SourceDate "2019.01.07"]
[SourceVersion "1"]
[SourceVersionDate "2019.01.22"]
[SourceQuality "1"]

1. d4 Nf6 2. c4 e6 3. Nc3 d5 4. cxd5 exd5 5. Bg5 Be7 6. e3 O-O 7. Qc2 b6 8. Bd3
h6 9. Bf4 Ba6 10. Nf3 Bxd3 11. Qxd3 a6 12. O-O Nbd7 13. Rfd1 Bd6 14. Bxd6 cxd6
15. Qf5 g6 16. Qf4 Kg7 17. Qxd6 Nb8 18. Qa3 Nc6 19. Ne5 Na5 20. b3 Rc8 21. Rac1
Re8 22. b4 Nc4 23. Nxc4 Rxc4 24. Qxa6 Qc8 25. Qxc8 Rexc8 26. Ne2 Ne4 27. Rxc4
Rxc4 28. f3 Nc3 29. Nxc3 Rxc3 30. e4 dxe4 31. fxe4 Rc2 32. a3 b5 33. d5 Kf8 34.
d6 Ke8 35. Rd5 Rc3 36. Rxb5 Rxa3 37. e5 Kd7 38. Rb7+ Ke6 39. Re7+ Kf5 40. d7
Rd3 41. b5 Kf4 42. b6 Ke3 43. h3 Kf4 44. Rxf7+ Kxe5 45. b7 1-0

[Event "Madrid ch Veteranos 2018-2019"]
[Site "Madrid ESP"]
[Date "2019.01.09"]
[Round "3.12"]
[White "Garcia Diez, Mariano"]
[Black "Martinez Miura, Enrique"]
[Result "1-0"]
[WhiteElo "1887"]
[BlackElo "1661"]
[PlyCount "53"]
[EventDate "2019.01.07"]
[EventType "swiss"]
[EventRounds "9"]
[EventCountry "ESP"]
[SourceTitle "Ajedrez en Madrid"]
[Source "lmi"]
[SourceDate "2019.01.07"]
[SourceVersion "1"]
[SourceVersionDate "2019.01.22"]
[SourceQuality "1"]

1. e4 e6 2. d3 d5 3. Nd2 c5 4. Ngf3 g6 5. g3 Bg7 6. Bg2 Ne7 7. O-O O-O 8. Re1
Nbc6 9. e5 Qc7 10. Qe2 b6 11. h4 h5 12. Nf1 Ba6 13. Bf4 Rac8 14. c3 c4 15. d4
b5 16. a3 Nf5 17. N1h2 Bb7 18. g4 hxg4 19. Nxg4 Kh8 20. Ng5 Rce8 21. Qf3 Nh6
22. h5 Kg8 23. Nf6+ Bxf6 24. exf6 Qd8 25. Be5 Nxe5 26. dxe5 Ba8 27. Qh3 1-0

[Event "Madrid ch Veteranos 2018-2019"]
[Site "Madrid ESP"]
[Date "2019.01.09"]
[Round "3.13"]
[White "Largo Barbero, Benito"]
[Black "Bellagamba, Pascal"]
[Result "1-0"]
[WhiteElo "1872"]
[BlackElo "1640"]
[PlyCount "73"]
[EventDate "2019.01.07"]
[EventType "swiss"]
[EventRounds "9"]
[EventCountry "ESP"]
[SourceTitle "Ajedrez en Madrid"]
[Source "lmi"]
[SourceDate "2019.01.07"]
[SourceVersion "1"]
[SourceVersionDate "2019.01.22"]
[SourceQuality "1"]

1. d4 Nf6 2. Bf4 g6 3. Nf3 Bg7 4. e3 d6 5. Bc4 Nbd7 6. Bxf7+ Kxf7 7. Ng5+ Kg8
8. Ne6 Qe8 9. Nxc7 Qd8 10. Nxa8 b6 11. Qf3 e5 12. dxe5 dxe5 13. Bg5 Ba6 14. Qc6
Nc5 15. Nc3 Bb7 16. Qc7 Qxa8 17. O-O-O Ne6 18. Qxe5 Nxg5 19. Qxg5 Kf7 20. f3
Rc8 21. Rd2 Rc5 22. Qf4 g5 23. Qg3 Qc8 24. Rhd1 Rxc3 25. bxc3 Qxc3 26. Rd3 Qa1+
27. Kd2 Qxa2 28. Qc7+ Kg6 29. Qxb7 Qa5+ 30. Ke2 Qa2 31. Qc7 Qa6 32. c4 g4 33.
f4 Qa5 34. c5 Qb5 35. h4 bxc5 36. f5+ Kh6 37. Qf4+ 1-0

[Event "Madrid ch Veteranos 2018-2019"]
[Site "Madrid ESP"]
[Date "2019.01.09"]
[Round "3.14"]
[White "Martinez Pintor, Juan"]
[Black "Camarero Izquierdo, Juan Carlos"]
[Result "0-1"]
[WhiteElo "1628"]
[BlackElo "1860"]
[PlyCount "44"]
[EventDate "2019.01.07"]
[EventType "swiss"]
[EventRounds "9"]
[EventCountry "ESP"]
[SourceTitle "Ajedrez en Madrid"]
[Source "lmi"]
[SourceDate "2019.01.07"]
[SourceVersion "1"]
[SourceVersionDate "2019.01.22"]
[SourceQuality "1"]

1. d4 f5 2. Nf3 e6 3. e3 d5 4. Ne5 Nf6 5. Nd2 Bd6 6. Bd3 O-O 7. Ndf3 Nbd7 8.
Ng5 Nxe5 9. dxe5 Bxe5 10. Nf3 Bd6 11. c3 e5 12. Bc2 e4 13. Nd4 Bd7 14. b4 c6
15. Qe2 a5 16. Bd2 Qc7 17. Bb3 Ng4 18. g3 Ne5 19. O-O a4 20. Bc2 c5 21. bxc5
Bxc5 22. f4 Bxd4 0-1

[Event "Madrid ch Veteranos 2018-2019"]
[Site "Madrid ESP"]
[Date "2019.01.09"]
[Round "3.15"]
[White "Lopez Heras, Arturo"]
[Black "Ortega Molina, Tomas"]
[Result "1-0"]
[WhiteElo "1858"]
[BlackElo "1623"]
[PlyCount "87"]
[EventDate "2019.01.07"]
[EventType "swiss"]
[EventRounds "9"]
[EventCountry "ESP"]
[SourceTitle "Ajedrez en Madrid"]
[Source "lmi"]
[SourceDate "2019.01.07"]
[SourceVersion "1"]
[SourceVersionDate "2019.01.22"]
[SourceQuality "1"]

1. e4 c5 2. Nf3 d6 3. d4 cxd4 4. Nxd4 Nf6 5. Nc3 a6 6. Bc4 e6 7. Bb3 Nc6 8. O-O
Be7 9. a3 Bd7 10. Be3 O-O 11. f4 Rc8 12. Qe2 Na5 13. Ba2 Qc7 14. Rad1 Nc4 15.
Bc1 e5 16. fxe5 Nxe5 17. Nf5 Bxf5 18. Rxf5 Qb6+ 19. Kh1 Qc7 20. h3 b5 21. Rdf1
Nc4 22. Rxf6 Bxf6 23. Nd5 Qd8 24. Nxf6+ gxf6 25. Bh6 Kh8 26. Bxf8 Qxf8 27. c3
Qg7 28. Rf4 Qh6 29. Qf2 Ne5 30. Qf1 Rg8 31. Rxf6 Qh4 32. Bxf7 Rf8 33. Rf5 Qxe4
34. Be6 Rxf5 35. Bxf5 Qh4 36. Bc8 Ng6 37. Bxa6 Qg5 38. Bxb5 Kg7 39. Be8 Nf4 40.
Qf3 Qe5 41. Ba4 Qe1+ 42. Kh2 Ne2 43. Qe3 Qf1 44. Bb5 1-0

[Event "Madrid ch Veteranos 2018-2019"]
[Site "Madrid ESP"]
[Date "2019.01.09"]
[Round "3.16"]
[White "Marcos Herrero, Francisco"]
[Black "Martinez Martinez, Javier II"]
[Result "1-0"]
[WhiteElo "1855"]
[BlackElo "1604"]
[PlyCount "65"]
[EventDate "2019.01.07"]
[EventType "swiss"]
[EventRounds "9"]
[EventCountry "ESP"]
[SourceTitle "Ajedrez en Madrid"]
[Source "lmi"]
[SourceDate "2019.01.07"]
[SourceVersion "1"]
[SourceVersionDate "2019.01.22"]
[SourceQuality "1"]

1. d4 Nf6 2. c4 c6 3. Nf3 d5 4. Nc3 Bf5 5. g3 e6 6. Qb3 dxc4 7. Qxb7 Bd6 8. Nh4
O-O 9. Nxf5 exf5 10. Qxa8 Qc7 11. Bg2 Re8 12. O-O Rc8 13. b3 Nfd7 14. bxc4 Nb6
15. Qxb8 Qxb8 16. c5 Be7 17. Rb1 Qc7 18. Bf4 Qd8 19. cxb6 axb6 20. Rfd1 g5 21.
Be3 Bd6 22. Bh3 g4 23. Bg2 Qc7 24. d5 c5 25. Nb5 Qb8 26. Nxd6 Qxd6 27. Bf4 Qd8
28. d6 c4 29. d7 c3 30. dxc8=Q Qxc8 31. Rxb6 c2 32. Rc1 Kg7 33. Rc6 1-0

[Event "Madrid ch Veteranos 2018-2019"]
[Site "Madrid ESP"]
[Date "2019.01.09"]
[Round "3.17"]
[White "Lopez Guitian, Juan J"]
[Black "Rueda Maria, Ramiro"]
[Result "0-1"]
[WhiteElo "1577"]
[BlackElo "1819"]
[PlyCount "94"]
[EventDate "2019.01.07"]
[EventType "swiss"]
[EventRounds "9"]
[EventCountry "ESP"]
[SourceTitle "Ajedrez en Madrid"]
[Source "lmi"]
[SourceDate "2019.01.07"]
[SourceVersion "1"]
[SourceVersionDate "2019.01.22"]
[SourceQuality "1"]

1. e4 e5 2. Nf3 Nc6 3. Bb5 Nf6 4. O-O d6 5. Re1 Bd7 6. c3 Be7 7. d3 O-O 8. h3
Qc8 9. Kh2 a6 10. Ba4 b5 11. Bc2 Re8 12. Bg5 h6 13. Be3 Bf8 14. Nbd2 Ne7 15. d4
Ng6 16. Nf1 Qb7 17. Ng3 Rad8 18. a4 bxa4 19. Bxa4 Bxa4 20. Qxa4 exd4 21. Bxd4
Nxe4 22. Nd2 d5 23. f3 Nd6 24. Rxe8 Nxe8 25. b4 Bd6 26. Bf2 Be5 27. Re1 Nf6 28.
Qc2 Qc6 29. Rc1 Qd6 30. Ndf1 Nh5 31. Qf5 Nxg3 32. Bxg3 Bxg3+ 33. Nxg3 Re8 34.
Qg4 Re5 35. Kh1 Rg5 36. Qc8+ Kh7 37. Nf5 Qf4 38. Rf1 Rxf5 39. Qxa6 Qc4 40. Qa1
Re5 41. Qc1 Re2 42. Qd1 Nf4 43. Qb1+ g6 44. Qc1 Rxg2 45. Re1 Re2 46. Rg1 Nxh3
47. Rg4 Nf2+ 0-1

[Event "Madrid ch Veteranos 2018-2019"]
[Site "Madrid ESP"]
[Date "2019.01.09"]
[Round "3.18"]
[White "Roldan Garcia, Angel"]
[Black "Tudela Garcia, Antonio"]
[Result "1-0"]
[WhiteElo "1812"]
[BlackElo "1568"]
[PlyCount "93"]
[EventDate "2019.01.07"]
[EventType "swiss"]
[EventRounds "9"]
[EventCountry "ESP"]
[SourceTitle "Ajedrez en Madrid"]
[Source "lmi"]
[SourceDate "2019.01.07"]
[SourceVersion "1"]
[SourceVersionDate "2019.01.22"]
[SourceQuality "1"]

1. e4 e5 2. Nf3 Nc6 3. Bb5 a6 4. Ba4 Nf6 5. O-O Be7 6. Re1 b5 7. Bb3 d6 8. c3
O-O 9. h3 Na5 10. Bc2 c5 11. d4 Qc7 12. Nbd2 cxd4 13. cxd4 Bb7 14. d5 Rac8 15.
Bd3 Nc4 16. Nf1 Nb6 17. Ng3 Rfe8 18. Bg5 Nbd7 19. Nf5 Bf8 20. Nh2 g6 21. Nh6+
Bxh6 22. Bxh6 Nh5 23. Ng4 Qd8 24. Qf3 f6 25. Bd2 Rf8 26. Nh6+ Kh8 27. Rac1 Qe7
28. Bb4 Nc5 29. Bb1 Na4 30. Rxc8 Rxc8 31. Bxd6 Qg7 32. Ng4 Rd8 33. Ba3 f5 34.
Ne3 fxe4 35. Bxe4 Nf6 36. Rc1 Nxe4 37. Qxe4 Re8 38. Bd6 Qf6 39. Bc7 Qe7 40. Qc2
Rc8 41. d6 Qd7 42. b3 Nb6 43. Qb2 Qe6 44. Bxb6 Rxc1+ 45. Qxc1 Qxd6 46. Qc7 Qxc7
47. Bxc7 1-0

[Event "Madrid ch Veteranos 2018-2019"]
[Site "Madrid ESP"]
[Date "2019.01.09"]
[Round "3.19"]
[White "Minguela Muñoz, Bienvenido"]
[Black "Martin Rodriguez, Jose Luis"]
[Result "1-0"]
[WhiteElo "1802"]
[BlackElo "1285"]
[PlyCount "101"]
[EventDate "2019.01.07"]
[EventType "swiss"]
[EventRounds "9"]
[EventCountry "ESP"]
[SourceTitle "Ajedrez en Madrid"]
[Source "lmi"]
[SourceDate "2019.01.07"]
[SourceVersion "1"]
[SourceVersionDate "2019.01.22"]
[SourceQuality "1"]

1. d4 Nf6 2. c4 e6 3. Nf3 Bb4+ 4. Bd2 Qe7 5. Qb3 Bxd2+ 6. Nbxd2 Nc6 7. e4 Qb4
8. Bd3 Qxb3 9. Nxb3 Nb4 10. Bb1 d6 11. O-O O-O 12. e5 Nh5 13. Ng5 g6 14. f4 Ng7
15. Ne4 Nf5 16. Nf6+ Kg7 17. Rf3 Nc6 18. Rh3 h6 19. Bxf5 exf5 20. d5 Ne7 21.
Rg3 Kh8 22. Nd4 Ng8 23. Nxg8 Rxg8 24. e6 fxe6 25. dxe6 c5 26. Nb5 Bxe6 27. Nc7
Bf7 28. Nxa8 Rxa8 29. Re1 Kg7 30. b3 b6 31. Rge3 Kf8 32. Re7 Re8 33. Rxe8+ Bxe8
34. Re6 Kf7 35. Rxd6 Ke7 36. Rd5 Bc6 37. Re5+ Kf6 38. Kf2 g5 39. g3 g4 40. Ke3
a6 41. Kd2 h5 42. Kc3 a5 43. a3 Bd7 44. b4 axb4+ 45. axb4 cxb4+ 46. Kxb4 Bc6
47. Rb5 Bxb5 48. Kxb5 Ke6 49. Kxb6 Kd7 50. c5 Kd8 51. Kb7 1-0

[Event "Madrid ch Veteranos 2018-2019"]
[Site "Madrid ESP"]
[Date "2019.01.09"]
[Round "3.21"]
[White "Diaz Begonte, Manuel"]
[Black "Perez Cameselle, Francisco"]
[Result "1/2-1/2"]
[WhiteElo "1552"]
[BlackElo "1767"]
[PlyCount "73"]
[EventDate "2019.01.07"]
[EventType "swiss"]
[EventRounds "9"]
[EventCountry "ESP"]
[SourceTitle "Ajedrez en Madrid"]
[Source "lmi"]
[SourceDate "2019.01.07"]
[SourceVersion "1"]
[SourceVersionDate "2019.01.22"]
[SourceQuality "1"]

1. e4 e5 2. Nf3 Nc6 3. Bb5 a6 4. Ba4 Nf6 5. d3 b5 6. Bb3 Be7 7. c3 O-O 8. O-O
d5 9. Nbd2 Bb7 10. Qe2 Qd6 11. Rd1 Rad8 12. Nf1 d4 13. Ng3 Bc8 14. Nh4 g6 15.
Bh6 Rfe8 16. Nf3 Bg4 17. h3 Bxf3 18. Qxf3 Bf8 19. Bg5 Bg7 20. Ne2 Na5 21. Bc2
c5 22. cxd4 cxd4 23. Rac1 Rc8 24. a3 Rc7 25. Bb1 Rec8 26. Ba2 Rxc1 27. Rxc1
Rxc1+ 28. Nxc1 h6 29. Bd2 Nc6 30. Qg3 Nh5 31. Qg4 Nd8 32. Qc8 Kh7 33. Bb4 Qc6
34. Qxd8 Qxc1+ 35. Kh2 Qf4+ 36. Kg1 Qc1+ 37. Kh2 1/2-1/2

[Event "Madrid ch Veteranos 2018-2019"]
[Site "Madrid ESP"]
[Date "2019.01.09"]
[Round "3.22"]
[White "Lopez Orellana, Federico"]
[Black "Villodre Miranda, Juan Alonso"]
[Result "1-0"]
[WhiteElo "1694"]
[BlackElo "1594"]
[PlyCount "49"]
[EventDate "2019.01.07"]
[EventType "swiss"]
[EventRounds "9"]
[EventCountry "ESP"]
[SourceTitle "Ajedrez en Madrid"]
[Source "lmi"]
[SourceDate "2019.01.07"]
[SourceVersion "1"]
[SourceVersionDate "2019.01.22"]
[SourceQuality "1"]

1. d4 g6 2. Bf4 Bg7 3. Nc3 Nf6 4. Qd2 h6 5. e4 d6 6. h3 Nbd7 7. Nf3 c5 8. d5
Qb6 9. Bd3 a6 10. Rb1 Qc7 11. a4 Rb8 12. O-O c4 13. Be2 b5 14. axb5 axb5 15.
Qe3 Nh5 16. Bh2 Qc5 17. Qd2 Ne5 18. Nxe5 dxe5 19. Bxh5 gxh5 20. Qe2 h4 21. Qh5
Rg8 22. Kh1 Bf6 23. f4 b4 24. fxe5 bxc3 25. exf6 1-0

[Event "Madrid ch Veteranos 2018-2019"]
[Site "Madrid ESP"]
[Date "2019.01.09"]
[Round "3.23"]
[White "Rodriguez Bachiller, Luis"]
[Black "Yela Garcia, Carlos"]
[Result "1/2-1/2"]
[WhiteElo "1613"]
[BlackElo "1546"]
[PlyCount "40"]
[EventDate "2019.01.07"]
[EventType "swiss"]
[EventRounds "9"]
[EventCountry "ESP"]
[SourceTitle "Ajedrez en Madrid"]
[Source "lmi"]
[SourceDate "2019.01.07"]
[SourceVersion "1"]
[SourceVersionDate "2019.01.22"]
[SourceQuality "1"]

1. e4 c5 2. Nf3 Nc6 3. d4 cxd4 4. Nxd4 g6 5. Be3 Bg7 6. c3 Nf6 7. Bd3 O-O 8.
O-O d5 9. exd5 Nxd5 10. Nxc6 bxc6 11. Bc5 Re8 12. Nd2 Nxc3 13. Qc2 Nd5 14. Rad1
Qa5 15. Ba3 Ba6 16. Nc4 Qc7 17. Qa4 Bb7 18. Rfe1 Nb6 19. Qa5 Nd5 20. Qc5 Bf8
1/2-1/2

[Event "Madrid ch Veteranos 2018-2019"]
[Site "Madrid ESP"]
[Date "2019.01.09"]
[Round "3.24"]
[White "Prieto Gonzalez, Cesar"]
[Black "Calderon Martin, Antonio"]
[Result "0-1"]
[WhiteElo "1505"]
[BlackElo "1681"]
[PlyCount "30"]
[EventDate "2019.01.07"]
[EventType "swiss"]
[EventRounds "9"]
[EventCountry "ESP"]
[SourceTitle "Ajedrez en Madrid"]
[Source "lmi"]
[SourceDate "2019.01.07"]
[SourceVersion "1"]
[SourceVersionDate "2019.01.22"]
[SourceQuality "1"]

1. e4 e5 2. Nf3 Nc6 3. Bb5 Bc5 4. O-O Nge7 5. Re1 O-O 6. c3 Bb6 7. d4 exd4 8.
cxd4 d5 9. e5 Bg4 10. Be3 Nf5 11. Bxc6 bxc6 12. Nbd2 Nxd4 13. Qa4 Nxf3+ 14.
Nxf3 Bxf3 15. Bxb6 axb6 0-1

[Event "Madrid ch Veteranos 2018-2019"]
[Site "Madrid ESP"]
[Date "2019.01.09"]
[Round "3.25"]
[White "Abad Martin-Camuñas, Luis"]
[Black "Ramos Antona, Enrique"]
[Result "0-1"]
[WhiteElo "1369"]
[BlackElo "1561"]
[PlyCount "56"]
[EventDate "2019.01.07"]
[EventType "swiss"]
[EventRounds "9"]
[EventCountry "ESP"]
[SourceTitle "Ajedrez en Madrid"]
[Source "lmi"]
[SourceDate "2019.01.07"]
[SourceVersion "1"]
[SourceVersionDate "2019.01.22"]
[SourceQuality "1"]

1. d4 Nf6 2. Bf4 d6 3. e3 e6 4. Bd3 Be7 5. Nd2 Nc6 6. a3 e5 7. dxe5 Nxe5 8. h3
Nxd3+ 9. cxd3 b6 10. Ngf3 Bb7 11. O-O O-O 12. Rc1 h6 13. Qc2 Rc8 14. Nd4 c5 15.
Nf5 Re8 16. Ne4 Nxe4 17. dxe4 Bf8 18. f3 Qf6 19. Rfd1 Re6 20. Qc3 Qxc3 21. Rxc3
Rc6 22. Rcd3 Ba6 23. R3d2 Bc4 24. Bxd6 Bb3 25. Bxf8 Kxf8 26. Rd8+ Re8 27. R1d6
Rxd6 28. Nxd6 Rxd8 0-1

[Event "Madrid ch Veteranos 2018-2019"]
[Site "Madrid ESP"]
[Date "2019.01.09"]
[Round "3.26"]
[White "De Juan Rivas, Antonio"]
[Black "Suarez Mencia, Roberto"]
[Result "1-0"]
[WhiteElo "1560"]
[BlackElo "1392"]
[PlyCount "85"]
[EventDate "2019.01.07"]
[EventType "swiss"]
[EventRounds "9"]
[EventCountry "ESP"]
[SourceTitle "Ajedrez en Madrid"]
[Source "lmi"]
[SourceDate "2019.01.07"]
[SourceVersion "1"]
[SourceVersionDate "2019.01.22"]
[SourceQuality "1"]

1. d4 Nf6 2. Bf4 d6 3. Nf3 Nbd7 4. e3 g6 5. h3 Bg7 6. Bc4 e6 7. O-O O-O 8. Nbd2
a6 9. a4 b6 10. Qe2 d5 11. Bd3 Re8 12. Bg5 c5 13. c3 c4 14. Bc2 e5 15. dxe5
Nxe5 16. Nxe5 Rxe5 17. Nf3 Re8 18. Rfd1 h6 19. Bh4 Qd6 20. Bg3 Qd8 21. Rd4 Bb7
22. Ne5 Nh5 23. Nxf7 Kxf7 24. Rg4 Nxg3 25. Bxg6+ Kg8 26. Rxg3 Rf8 27. Qg4 Bc8
28. Bh7+ Kf7 29. Qxg7+ Ke6 30. Rg6+ Rf6 31. Bg8+ Ke5 32. f4+ Kf5 33. g4+ Ke4
34. Qxf6 Qxf6 35. Rxf6 h5 36. Be6 Bxe6 37. Rxe6+ Kf3 38. Rf1+ Kg3 39. g5 Kxh3
40. Rxb6 Re8 41. Kf2 Rh8 42. Kf3 Kh2 43. Rh6 1-0

[Event "Madrid ch Veteranos 2018-2019"]
[Site "Madrid ESP"]
[Date "2019.01.09"]
[Round "3.27"]
[White "Infante Martin, Alonso"]
[Black "Garcia Lafuente, Luis"]
[Result "1-0"]
[WhiteElo "1348"]
[BlackElo "1556"]
[PlyCount "46"]
[EventDate "2019.01.07"]
[EventType "swiss"]
[EventRounds "9"]
[EventCountry "ESP"]
[SourceTitle "Ajedrez en Madrid"]
[Source "lmi"]
[SourceDate "2019.01.07"]
[SourceVersion "1"]
[SourceVersionDate "2019.01.22"]
[SourceQuality "1"]

1. d4 d6 2. c4 Nf6 3. Nc3 Nbd7 4. Nf3 g6 5. e4 Bg7 6. Be3 O-O 7. Bd3 c6 8. a4
b6 9. O-O Bb7 10. Nd2 Qc7 11. f4 Ng4 12. Qxg4 Nf6 13. Qe2 Bc8 14. f5 gxf5 15.
exf5 Kh8 16. Rf3 Ng4 17. Nf1 Rg8 18. Rh3 Nf6 19. Bf4 Bb7 20. Re1 Rae8 21. Ng3
b5 22. Nce4 e5 23. Nxf6 Bxf6 1-0

[Event "Madrid ch Veteranos 2018-2019"]
[Site "Madrid ESP"]
[Date "2019.01.09"]
[Round "3.28"]
[White "Navarro Corredor, Angel"]
[Black "Sierra Garcia, Ricardo"]
[Result "1-0"]
[WhiteElo "1343"]
[BlackElo "1394"]
[PlyCount "133"]
[EventDate "2019.01.07"]
[EventType "swiss"]
[EventRounds "9"]
[EventCountry "ESP"]
[SourceTitle "Ajedrez en Madrid"]
[Source "lmi"]
[SourceDate "2019.01.07"]
[SourceVersion "1"]
[SourceVersionDate "2019.01.22"]
[SourceQuality "1"]

1. e4 c5 2. Nf3 d6 3. Bb5+ Bd7 4. Bc4 b5 5. Be2 Nc6 6. Bxb5 Nf6 7. Nc3 e6 8.
O-O Be7 9. Re1 O-O 10. d4 cxd4 11. Nxd4 Rc8 12. Be3 Nb8 13. Bxd7 Qxd7 14. Nf3
Ng4 15. Bf4 Nc6 16. Bg5 Bf6 17. Bxf6 Nxf6 18. e5 Ne8 19. exd6 Qxd6 20. Qxd6
Nxd6 21. Re2 Rfd8 22. b3 Nf5 23. Ne4 Ncd4 24. Nxd4 Nxd4 25. Rd2 Rxc2 26. Rxc2
Nxc2 27. Rc1 f5 28. Ng5 Rd6 29. Kf1 h6 30. Nxe6 Rxe6 31. Rxc2 Re7 32. b4 Kf7
33. b5 Ke6 34. Re2+ Kd6 35. Rxe7 Kxe7 36. Ke2 Kd6 37. Kd3 Kd5 38. a3 Kc5 39.
Kc3 g5 40. a4 Kd5 41. a5 Kc5 42. b6 axb6 43. a6 Kc6 44. Kb4 b5 45. a7 Kb7 46.
Kxb5 Kxa7 47. Kc5 Kb7 48. Kd5 f4 49. Ke4 Kc6 50. h4 Kd6 51. hxg5 hxg5 52. f3
Ke6 53. Kd3 Kf5 54. Ke2 g4 55. Kd3 gxf3 56. gxf3 Ke6 57. Kd4 Kf6 58. Ke4 Ke6
59. Kxf4 Kf6 60. Ke4 Ke6 61. f4 Kf6 62. f5 Kf7 63. Ke5 Ke7 64. f6+ Kf7 65. Kf5
Ke8 66. Kg6 Kf8 67. f7 1-0